Situace středního stavu z regionálního pohledu
Skúsenosti poradenského centra pre podnikateľov (RPIC) v okrese Opava. Zvláštnosti regiónu. Štatistický prehľad o podnikateľskej sfére, počet podnikateľov, štruktúra podnikov. Sociálna pozícia stredného stavu, t.j. stredných podnikov. Sociálna diferenciácia spoločnosti. Výrobné faktory stredného sta...
Na minha lista:
| Autor principal: | |
|---|---|
| Formato: | Capítulo de Livro |
| Idioma: | tcheco |
| Assuntos: | |
| Tags: |
Sem tags, seja o primeiro a adicionar uma tag!
|
MARC
| LEADER | 00000naa a2200000 4500 | ||
|---|---|---|---|
| 001 | r001019 | ||
| 005 | 20221205090623.2 | ||
| 041 | 0 | |a cze | |
| 044 | |a CZ | ||
| 245 | 1 | 0 | |a Situace středního stavu z regionálního pohledu |c R. Neugebauer |
| 520 | |a Skúsenosti poradenského centra pre podnikateľov (RPIC) v okrese Opava. Zvláštnosti regiónu. Štatistický prehľad o podnikateľskej sfére, počet podnikateľov, štruktúra podnikov. Sociálna pozícia stredného stavu, t.j. stredných podnikov. Sociálna diferenciácia spoločnosti. Výrobné faktory stredného stavu, technická a organizačná efektívnosť. | ||
| 610 | 2 | 0 | |a RPIC |
| 610 | 2 | 0 | |a Opava |
| 610 | 2 | 0 | |a okresy |
| 610 | 2 | 0 | |a Česko |
| 610 | 2 | 0 | |a podnik stredný |
| 610 | 2 | 0 | |a podnikatelia |
| 100 | 1 | |a Neugebauer, R. | |